Check in--check out / (Record no. 23211)
[ view plain ]
| 000 -LEADER | |
|---|---|
| fixed length control field | 00557nam a22002057a 4500 |
| 003 - CONTROL NUMBER IDENTIFIER | |
| control field | KenMUT |
| 005 - DATE AND TIME OF LATEST TRANSACTION | |
| control field | 20250820123010.0 |
| 008 - FIXED-LENGTH DATA ELEMENTS--GENERAL INFORMATION | |
| fixed length control field | 250820b |||||||| |||| 00| 0 eng d |
| 020 ## - INTERNATIONAL STANDARD BOOK NUMBER | |
| International Standard Book Number | 9780130829160 |
| 040 ## - CATALOGING SOURCE | |
| Transcribing agency | MUT |
| 050 ## - LIBRARY OF CONGRESS CALL NUMBER | |
| Classification number | TX 911 |
| Item number | .M27V35 2000 |
| 100 ## - MAIN ENTRY--PERSONAL NAME | |
| Personal name | Vallen, Jerome J. |
| 245 ## - TITLE STATEMENT | |
| Title | Check in--check out / |
| 250 ## - EDITION STATEMENT | |
| Edition statement | 6th ed. |
| 260 ## - PUBLICATION, DISTRIBUTION, ETC. | |
| Place of publication, distribution, etc. | Upper Saddle River, NJ |
| Name of publisher, distributor, etc. | Prentice hall |
| Date of publication, distribution, etc. | 2000 |
| 650 ## - SUBJECT ADDED ENTRY--TOPICAL TERM | |
| Topical term or geographic name entry element | Hotel management |
| 650 ## - SUBJECT ADDED ENTRY--TOPICAL TERM | |
| Topical term or geographic name entry element | Motel management |
| 700 ## - ADDED ENTRY--PERSONAL NAME | |
| Personal name | Vallen, Gary K. |
| 942 ## - ADDED ENTRY ELEMENTS (KOHA) | |
| Source of classification or shelving scheme | Library of Congress Classification |
| Koha item type | Books |
| Suppress in OPAC | No |
| Withdrawn status | Lost status | Source of classification or shelving scheme | Damaged status | Not for loan | Home library | Current library | Shelving location | Date acquired | Source of acquisition | Total checkouts | Full call number | Barcode | Date last seen | Price effective from | Koha item type |
|---|---|---|---|---|---|---|---|---|---|---|---|---|---|---|---|
| Library of Congress Classification | Murang'a University of Technology Library | Murang'a University of Technology Library | General stacks | 20/08/2025 | Donation-TFC | TX 911 .M27V35 2000 | 032132 | 20/08/2025 | 20/08/2025 | Books |